1299 1674 1231 1923 1113 1424 1820 1390 1584 1308 1891 1454 1588 1742 1773 1188 1334 1135 1997 1526 1939 1594 1882 1152 1580 1517 1406 1889 1364 1461 1898 1209 1511 1797 1403 1618 1274 1099 1196 1622 1713 1246 1109 1113 1764 1610 1223 1894 1164 1241 1014 1909 1070 1445 1261 1042 1205 1093 1423 1789 1781 1849 1218 1737 1433 1950 1838 1737 1868 1174 1248 1101 1505 1769 1401 1114 1957 1184 1706 1557 1901 1587 1365 1646 1504 1361 1036 1206 1657 1469 1533 1239 1547 1664 1346 1391 1729 1985 1300 BCNSPRNW ULIB Ver.6.0+V

เปลี่ยนเป็นภาษาไทย

Change to English
 แสดงรายละเอียดบรรณานุกรม
  กลับหน้าหลัก

Brief Record : Get Marc (ISO 2709) : E-mail record : QR code < ปิดหน้าต่าง
LEADER : 00000nam 2200000uu 4500
001    13399109852
003     ULIB
008    110412s2551||||th 000 0 tha d
020    9789744224606
060 04 WC528^bศ466น 2551
245 00 แนวทางการวินิจฉัยและรักษาโรคไข้เลือดออกเดงกี /^cบรรณาธิการ,ศิริเพ็ญ กัลยาณรุจ, สุจิตรา นิมมานนิตย์
250    พิมพ์ครั้งที่ 2
260    [นนทบุรี] :^bกระทรวงสาธารณสุข,^c2551
300    202 หน้า ;^c15 ซม.
650  7 ไข้เลือดออก^xการรักษา
650  7 ไข้เลือดออก^xการวินิจฉัย
650  7 เด็งกี^xการรักษา
650  7 เด็งกี^xการวินิจฉัย
700 0  ศิริเพ็ญ กัลยาณรุจ,^eบรรณาธิการ
700 0  สุจิตรา นิมมานนิตย์,^eบรรณาธิการ
710 2  กระทรวงสาธารณสุข
945    ^p0^l0^i025965
945    ^p0^l0^i025966
995    ทศพร
999 ^a ใช้งานได้ทุกระบบ
รายการนี้ยังไม่มีแท็ก
คุณยังไม่ได้ล็อกอิน คุณสามารถมีกิจกรรมร่วมกับเว็บไซต์ได้ แต่ต้องล็อกอินก่อน ::
  ล็อกอิน

รายการสื่อสารสนเทศ

ลำดับที่ ประเภท เลขเรียก/บาร์โค้ด สถานที่ สถานะ
- ไม่พบข้อมูล -

BibComment


ยังไม่เคยถูกคอมเมนท์

คอมเมนท์ทรัพยากรรายการนี้
  คอมเมนท์: แนวทางการวินิจฉัย..


 Copyright 2026. Bcnsprnw @Library